STN EN 648: 2004 (50 7005) [neplatná], Papier a lepenka určené na styk s požívatinami. Stanovenie stálosti fluorescenčne zjasneného papiera a lepenky

Norma je identická s EN 648: 2003

Bibliographic Details
Main Author: Vršková, Marta (Author, Translator)
Format: Book
Language:Slovak
PhysicalDescription:9 s. tab. 30 cm
Published: Bratislava Slovenský ústav technickej normalizácie 2004
Subjects:

MARC

LEADER 00000cam a2200000 a 4500
001 vtls009922900
003 SK-MaSNL
005 20260301025914.0
008 090726s2004 xo a fru 000 0 slo
020 |c (cen. skup. 10) 
035 |a (SVKBBclas03)vtls000200532 
040 |a SNK  |b slo  |c SNK  |e AACR2 
041 1 |a slo  |h [eng] 
044 |a xo  |c SK 
046 |a s  |m 20040401 (účin.)  |n 20070301 (zruš.) 
072 7 |a 676  |x Papierenský priemysel  |2 konspekt 
080 |a 676.2  |2 2001 
080 |a 621.798  |2 2001 
080 |a 663/664  |2 2001 
080 |a 006.86  |2 2001 
080 |a (4)CEN  |2 2001 
080 |a (437.6)  |2 2001 
080 |a (083.742)  |2 2001 
084 |a 85.060  |2 ICS 
084 |a 67.250  |2 ICS 
130 0 |a STN 50 7005 (STN EN 648) [neplatná]  |9 320686 
245 1 0 |a STN EN 648: 2004 (50 7005) [neplatná], Papier a lepenka určené na styk s požívatinami. Stanovenie stálosti fluorescenčne zjasneného papiera a lepenky 
246 1 0 |a Papier a lepenka určené na styk s požívatinami 
246 1 0 |a Stanovenie stálosti fluorescenčne zjasneného papiera a lepenky 
246 3 |a EN 648: 2003 E 
260 |a Bratislava  |b Slovenský ústav technickej normalizácie  |c 2004 
300 |a 9 s.  |b tab.  |c 30 cm 
500 |a Táto norma od 1.4.2004 nahrádza STN EN 648 z marca 1998 v celom rozsahu 
500 |a Norma je od 1.3.2007 v celom rozsahu nahradená normou STN EN 648 z marca 2007 
500 |a Spracovateľ: Slovenská spoločnosť pre technickú normalizáciu Bratislava, Marta Vršková 
504 |a Citované a súvisiace normy a právne predpisy: s. 2. 
520 8 |a Norma je identická s EN 648: 2003 
540 |a STN vydané na akomoľvek nosiči sa môžu rozmnožovať a rozširovať iba so súhlasom určenej právnickej osob  |b SÚTN Bratislava  |c zákon 264/1999 Z. z. 
650 0 7 |a potravinárske obaly  |2 SVKBBPH  |9 221860 
650 0 7 |a papier  |2 SNKPH  |9 19457 
650 0 7 |a lepenka  |2 SNKPH  |9 85375 
650 0 7 |a skúšanie  |2 SVKBBPH  |9 320803 
650 0 7 |a technické normy a štandardy  |z Slovensko  |2 SNKPH  |9 79594 
650 0 7 |a technické normy a štandardy  |z krajiny Európskej únie  |2 SNKPH  |9 289341 
655 7 |a normy  |2 SNKPH  |9 70643 
700 1 |a Vršková, Marta  |4 trl  |4 aut  |9 312199 
710 2 |a Slovenská spoločnosť pre technickú normalizáciu  |4 stn  |9 36642 
710 2 0 |a Slovenský ústav technickej normalizácie (Bratislava, Slovensko).  |b Technická komisia č. 19 Buničina, papier, lepenka a papierové obaly  |4 stn  |9 314499 
774 1 8 |t STN EN 648: 2007  |d Bratislava : Slovenský ústav technickej normalizácie, 2007  |w vtls009873302 
958 |a OP 
958 |a NB 
999 |c 573455  |d 575385 
952 |t P60, <03>, [BOOK], {603}  |a SNK  |b SNK  |y PREZ  |7 0  |p 17A0412843  |o snkSTN EN 648  |i snkN 1681/2004  |0 0  |1 0  |4 0  |d 2004-04-21  |l 0  |r 2005-01-02 00:00:00  |w 2026-02-23 
952 |t P66, <07>, [BOOK], {667}  |a SNK  |b SNK  |y PREZ  |7 0  |p 17A0412842  |o snkSTN EN 648 D1  |i snkN 1682/2004  |0 0  |1 0  |4 0  |d 2004-04-21  |l 0  |r 2005-01-02 00:00:00  |w 2026-02-23